International economics

Contents: International trade relations; international monetary relations

সংরক্ষণ করুন:
গ্রন্থ-পঞ্জীর বিবরন
প্রধান লেখক: Carbaugh, Robert J.
বিন্যাস: গ্রন্থ
ভাষা:Undetermined
প্রকাশিত: Australia Thomson 2008
বিষয়গুলি:
ট্যাগগুলো: ট্যাগ যুক্ত করুন
কোনো ট্যাগ নেই, প্রথমজন হিসাবে ট্যাগ করুন!
Thư viện lưu trữ: Trung tâm Học liệu Trường Đại học Cần Thơ
LEADER 00685nam a2200193Ia 4500
001 CTU_153517
008 210402s9999 xx 000 0 und d
082 |a 337 
082 |b C263 
100 |a Carbaugh, Robert J. 
245 0 |a International economics 
245 0 |c Robert J. Carbaugh 
260 |a Australia 
260 |b Thomson 
260 |c 2008 
520 |a Contents: International trade relations; international monetary relations 
650 |a International economic relations,International trade,International finance,Tài chính quốc tế,Quan hệ kinh tế quốc tế 
904 |i Tuyến 
980 |a Trung tâm Học liệu Trường Đại học Cần Thơ